| 000 | 01032cam a22002655i 4500 | ||
|---|---|---|---|
| 020 | _a9789361777370 | ||
| 020 | _a9361777378 | ||
| 020 | _a9789361773358 | ||
| 020 | _a9361773356 | ||
| 041 | 0 |
_aeng _amal |
|
| 082 | 0 | 4 |
_a281.540 954 MAL/A _223 |
| 245 | 0 | 0 |
_aApostolate of St.Thomas in India / _cedited by Pius Malekandathil, K.S. Mathew, James Kurikilamkatt, Jenee Peter. |
| 260 |
_a. - Delhi _b: Primus Books _c, 2024 |
||
| 300 |
_axvi, 526 pages : _billustrations (black and white), maps (black and white) ; |
||
| 490 | 1 | _aHistory of Christianity in India ; | |
| 500 | _aCopyright: Liturgical Research Centre, Kochi. | ||
| 504 | _aIncludes bibliographical references (pages 489-519) and index. | ||
| 546 | _aIncludes some pages in Malayalam. | ||
| 650 | 0 |
_aSaint Thomas Christians _zIndia _zIndia, Northwestern |
|
| 650 | 0 |
_aSaint Thomas Christians _zIndia _zIndia, South |
|
| 650 | 0 | _aChristian literature, Early | |
| 650 | 6 | _aLittérature chrétienne primitive | |
| 700 | 1 | _aMalekandathil, Pius, | |
| 942 |
_2ddc _cBK |
||
| 999 |
_c749064 _d749064 |
||